000 00457nam a2200169Ia 4500
008 180424s9999 xx 000 0 und d
084 _a658 M8
100 _a"Musselman, Vernon A"
245 0 _aIntroduction to Modern Business ; Analysis and Interpretation
250 _a\\196905ENGGPCX
260 _aPrentice Hall
260 _b1969
260 _cEnglewood Cliffs
300 _axiii+785p
500 _aincludes index and biblioraphy
942 _cBK
999 _c50073
_d50073